000 00305nam a2200133Ia 4500
005 20251222144824.0
008 251222s9999||||xx |||||||||||||| ||spa||
082 _a658/T79
100 _aTrelles SarazĂș, Carlos
245 0 _aRazones BurocrĂĄticas:
250 _a1ra.ed.
264 _bPUCP
942 _cLIB
999 _c20597
_d20597